[Event "South Wales op 20th"]
[Site "Bridgend"]
[Date "2025.07.05"]
[Round "3"]
[White "Wagner, Guy"]
[Black "Sarwar, Adam"]
[Result "1-0"]
[WhiteElo "1772"]
[BlackElo "1415"]
[PlyCount "65"]
[EventDate "2025.07.04"]
[EventType "swiss"]
[EventRounds "9"]
[EventCountry "WLS"]
[SourceTitle "CB29_2025"]
[SourceDate "2025.07.16"]
[SourceVersion "1"]
[SourceVersionDate "2025.07.16"]
[SourceQuality "1"]

1. d4 d5 2. Nf3 Nf6 3. e3 Bf5 4. c4 c6 5. Qb3 Qc7 6. Nc3 e6 7. Bd2 h6 8. Rc1 Ne4 9. cxd5 Nxd2 10. Nxd2 exd5 11. Nxd5 Qd7 12. Nc3 Be6 13. Bc4 Bxc4 14. Qxc4 Na6 15. 0-0 Be7 16. Nf3 0-0 17. Ne5 Qd6 18. a3 c5 19. Ne4 Qc7 20. Ng6 Rfc8 21. Nxe7+ Qxe7 22. d5 Kh8 23. Rfd1 Re8 24. Nc3 Red8 25. Rd2 Nc7 26. Rcd1 Qd6 27. Ne4 Qe5 28. Nxc5 b5 29. Qe4 Qxe4 30. Nxe4 a5 31. Nc5 f5 32. d6 Ne8 33. d7 1-0

[Event "South Wales op 20th"]
[Site "Bridgend"]
[Date "2025.07.04"]
[Round "2"]
[White "Wagner, Guy"]
[Black "Peters, Chris"]
[Result "1/2-1/2"]
[WhiteElo "1772"]
[BlackElo "1653"]
[PlyCount "109"]
[EventDate "2025.07.04"]
[EventType "swiss"]
[EventRounds "9"]
[EventCountry "WLS"]
[SourceTitle "CB29_2025"]
[SourceDate "2025.07.16"]
[SourceVersion "1"]
[SourceVersionDate "2025.07.16"]
[SourceQuality "1"]

1. Nf3 Nf6 2. d4 d5 3. e3 c6 4. c4 e6 5. Nbd2 Nbd7 6. Bd3 Be7 7. 0-0 0-0 8. b3 Re8 9. Bb2 Qc7 10. Rc1 Nf8 11. Ne5 Ng6 12. f4 Rf8 13. Qf3 Bd7 14. g3 Be8 15. h4 Nd7 16. e4 Ndxe5 17. dxe5 Qb6+ 18. Kh2 d4 19. Rc2 c5 20. h5 Nh8 21. Qg4 Rc8 22. Nf3 Rc6 23. Rg2 f5 24. exf6 Rxf6 25. Kg1 Nf7 26. e5 Nh6 27. Qh3 Rf8 28. Be4 Rc8 29. Bc1 Nf5 30. Bxf5 exf5 31. g4 Qe6 32. g5 Bc6 33. Kf2 b5 34. cxb5 Bxb5 35. Rd1 c4 36. Nxd4 Bc5 37. Kg3 Bxd4 38. Rxd4 cxb3 39. Bb2 Bf1 40. axb3 Qxb3+ 41. Kh4 Qxh3+ 42. Kxh3 Bxg2+ 43. Kg3 Be4 44. Rd7 Rf7 45. Rd6 Ra8 46. e6 Rb7 47. Be5 a5 48. h6 g6 49. Bf6 Rb3+ 50. Kf2 Rd3 51. Rd7 Rxd7 52. exd7 Kf7 53. d8Q Rxd8 54. Bxd8 a4 55. Bf6 1/2-1/2

[Event "EU-Cup 39th"]
[Site "Vrnjacka Banja"]
[Date "2024.10.24"]
[Round "5.5"]
[White "Wagner, Guy"]
[Black "Virbalis, Rytis"]
[Result "1-0"]
[WhiteElo "1829"]
[BlackElo "1888"]
[PlyCount "93"]
[EventDate "2024.10.20"]
[EventType "team-swiss"]
[EventRounds "7"]
[EventCountry "SRB"]
[SourceTitle "CB44_2024"]
[Source "Chessbase"]
[SourceDate "2024.10.30"]
[SourceVersion "1"]
[SourceVersionDate "2024.10.30"]
[SourceQuality "1"]
[WhiteTeam "Cardiff"]
[BlackTeam "Bonnevoie Gambit II"]
[WhiteTeamCountry "WLS"]
[BlackTeamCountry "LUX"]

1. Nf3 f5 2. c4 Nf6 3. g3 g6 4. Bg2 Bg7 5. d4 d6 6. 0-0 0-0 7. Nc3 a5 8. Re1 Qe8 9. d5 e5 10. dxe6 Bxe6 11. e4 Qd7 12. exf5 Bxf5 13. Nd5 Nc6 14. Bg5 Ne4 15. Re2 Nxg5 16. Nxg5 h6 17. Ne4 Bg4 18. f3 Bxf3 19. Bxf3 Rxf3 20. Nf4 Ne5 21. Qd5+ Qf7 22. Qxb7 Rf8 23. Nd2 Rxf4 24. gxf4 Qxf4 25. Qd5+ Kh7 26. Rf1 Qg4+ 27. Rg2 Rxf1+ 28. Kxf1 Qd1+ 29. Kf2 Ng4+ 30. Kg3 Be5+ 31. Kh3 h5 32. Qf7+ Kh6 33. Qf3 Qe1 34. Ne4 Qe3 35. Nd2 Qxf3+ 36. Nxf3 Ne3 37. Re2 Nxc4 38. b3 g5 39. Nxg5 Kxg5 40. bxc4 a4 41. Kg2 c5 42. Kf3 Kf5 43. h3 Bd4 44. Re7 a3 45. Rf7+ Bf6 46. Rf8 Ke6 47. Ra8 1-0

[Event "EU-Cup 39th"]
[Site "Vrnjacka Banja"]
[Date "2024.10.21"]
[Round "2.4"]
[White "Wagner, Guy"]
[Black "Willson, Ollie"]
[Result "0-1"]
[WhiteElo "1829"]
[BlackElo "2095"]
[PlyCount "78"]
[EventDate "2024.10.20"]
[EventType "team-swiss"]
[EventRounds "7"]
[EventCountry "SRB"]
[SourceTitle "CB44_2024"]
[Source "Chessbase"]
[SourceDate "2024.10.30"]
[SourceVersion "1"]
[SourceVersionDate "2024.10.30"]
[SourceQuality "1"]
[WhiteTeam "Cardiff"]
[BlackTeam "Sussex Martlets"]
[WhiteTeamCountry "WLS"]
[BlackTeamCountry "ENG"]

1. c4 e5 2. Nc3 Bb4 3. Nd5 Bc5 4. e3 Nc6 5. a3 d6 6. b4 Bb6 7. Nf3 Nf6 8. Nxb6 axb6 9. Bb2 0-0 10. Be2 Re8 11. 0-0 Bf5 12. Re1 h6 13. d4 e4 14. Nd2 Ne7 15. d5 Ng6 16. Nf1 Ne5 17. Ng3 Bg6 18. Qd4 h5 19. Qd1 h4 20. Nf1 h3 21. Bxe5 Rxe5 22. gxh3 Qd7 23. Ng3 Qxh3 24. Bf1 Qh4 25. Bg2 Ng4 26. h3 Nxf2 27. Kxf2 Rf5+ 28. Kg1 Qxg3 29. Qg4 Qxg4 30. hxg4 Rg5 31. Bh3 f5 32. Kf2 fxg4 33. Bg2 g3+ 34. Kg1 Rf8 35. Rf1 Rgf5 36. Rxf5 Bxf5 37. Rf1 g5 38. Bh1 Kg7 39. Kg2 Bh3+ 0-1

[Event "EU-Cup 39th"]
[Site "Vrnjacka Banja"]
[Date "2024.10.20"]
[Round "1.4"]
[White "Ribstein, Orel"]
[Black "Wagner, Guy"]
[Result "1-0"]
[WhiteElo "2190"]
[BlackElo "1829"]
[PlyCount "73"]
[EventDate "2024.10.20"]
[EventType "team-swiss"]
[EventRounds "7"]
[EventCountry "SRB"]
[SourceTitle "CB44_2024"]
[Source "Chessbase"]
[SourceDate "2024.10.30"]
[SourceVersion "1"]
[SourceVersionDate "2024.10.30"]
[SourceQuality "1"]
[WhiteTeam "Rishon Le Zion II"]
[BlackTeam "Cardiff"]
[WhiteTeamCountry "ISR"]
[BlackTeamCountry "WLS"]

1. d4 d5 2. c4 e6 3. g3 f5 4. Bg2 Nf6 5. Nf3 Bd6 6. c5 Be7 7. Ne5 Nbd7 8. Nd3 Ne4 9. f3 Ng5 10. Nf4 Nf8 11. h4 Nf7 12. Nc3 Ng6 13. Nxg6 hxg6 14. e4 g5 15. hxg5 Rxh1+ 16. Bxh1 Bxg5 17. f4 Bh6 18. exd5 exd5 19. Bxd5 c6 20. Bc4 b5 21. cxb6 axb6 22. Qh5 Qe7+ 23. Kf2 Kf8 24. Be3 Be6 25. Bd3 Qf6 26. Qf3 Rc8 27. a4 g5 28. Re1 gxf4 29. gxf4 Ke8 30. d5 cxd5 31. Nxd5 Qh4+ 32. Kf1 Kf8 33. Nxb6 Rd8 34. Bc5+ Kg8 35. Rxe6 Rxd3 36. Qxd3 Qh1+ 37. Bg1 1-0

[Event "South Wales op 19th"]
[Site "Bridgend"]
[Date "2024.07.07"]
[Round "4"]
[White "Kong, Emma Zihan"]
[Black "Wagner, Guy"]
[Result "1-0"]
[WhiteElo "1626"]
[BlackElo "1849"]
[PlyCount "87"]
[EventDate "2024.07.05"]
[EventType "swiss"]
[EventRounds "9"]
[EventCountry "WLS"]
[SourceTitle "CBM 221 Extra"]
[Source "ChessBase"]
[SourceDate "2024.09.30"]
[SourceVersion "1"]
[SourceVersionDate "2024.09.30"]
[SourceQuality "1"]

1. d4 e6 2. c4 f5 3. Bf4 Nf6 4. e3 Bb4+ 5. Nc3 Ne4 6. Nge2 Nc6 7. a3 Nxc3 8. Nxc3 Bxc3+ 9. bxc3 b6 10. d5 Na5 11. dxe6 d6 12. Qd5 Qf6 13. Qxa8 Qxc3+ 14. Ke2 0-0 15. e7 Re8 16. Qd5+ Kh8 17. Qf7 Qxc4+ 18. Qxc4 Nxc4 19. Rc1 d5 20. Ke1 Be6 21. Bxc4 dxc4 22. Bg5 h6 23. Rd1 hxg5 24. Rd8 Bf7 25. Rxe8+ Bxe8 26. Ke2 Kg8 27. Rd1 c6 28. Rd8 Kf7 29. Ra8 Kxe7 30. Rxa7+ Kf6 31. a4 c5 32. a5 bxa5 33. Rxa5 Bf7 34. Rxc5 g4 35. e4 fxe4 36. Ke3 Ke6 37. Rxc4 Bg6 38. Rc7 Kf6 39. Kf4 g3 40. Kxg3 Bf5 41. h4 g6 42. Kf4 Ke6 43. Rc5 Kd6 44. Rxf5 1-0

[Event "WLS-chT"]
[Site "Wales"]
[Date "2023.05.21"]
[Round "5"]
[White "Robinson, David"]
[Black "Wagner, Guy"]
[Result "1-0"]
[WhiteElo "1859"]
[BlackElo "1650"]
[PlyCount "125"]
[EventDate "2023.02.19"]
[EventType "team-tourn"]
[EventRounds "5"]
[EventCountry "WLS"]
[SourceTitle "EXT 2024"]
[Source "ChessBase"]
[SourceDate "2023.10.10"]
[SourceVersion "1"]
[SourceVersionDate "2023.10.10"]
[SourceQuality "1"]
[WhiteTeam "The Full Ponty"]
[BlackTeam "Cardiff"]
[WhiteTeamCountry "WLS"]
[BlackTeamCountry "WLS"]

1. d4 e6 2. Nf3 f5 3. Bf4 Nf6 4. e3 b6 5. Nbd2 Bb7 6. Bd3 Bd6 7. Qe2 Nc6 8. c3 Ne7 9. Nc4 Bxf4 10. exf4 0-0 11. Ncd2 Qe8 12. 0-0-0 a5 13. Rhg1 a4 14. h3 Ned5 15. g3 a3 16. Nb1 axb2+ 17. Kxb2 Ra5 18. Ne5 Qa8 19. Ka1 Kh8 20. Rd2 Ne7 21. Rb2 Rd8 22. Nf7+ Kg8 23. Nxd8 Qxd8 24. Re1 Qa8 25. Qc2 Bg2 26. h4 Ng4 27. Bc4 Be4 28. Qe2 Bf3 29. Qd2 Bc6 30. Bd3 h6 31. c4 Nh2 32. Be2 Kf8 33. Nc3 Ra3 34. Rc1 Nf3 35. Bxf3 Bxf3 36. Nb5 Ra4 37. Nxc7 Qc8 38. Qc2 Ra3 39. Nb5 Be4 40. Qd2 Rd3 41. Qb4 Qd8 42. Rd2 Kg8 43. Rxd3 Bxd3 44. Qb3 Be4 45. Rd1 Qa8 46. Nc3 Bf3 47. Rd2 Qa5 48. Kb2 Nc6 49. Qb5 Qa7 50. d5 Na5 51. Qb4 Qc7 52. Rd4 e5 53. d6 Qc8 54. fxe5 Nc6 55. Qxb6 Nxd4 56. Qxd4 Qb7+ 57. Nb5 Qa6 58. Qc3 Qb6 59. Qe3 Qxe3 60. fxe3 g5 61. Nd4 f4 62. exf4 gxf4 63. Nxf3 1-0

[Event "Tom Weston Major op"]
[Site "Cardiff"]
[Date "2017.04.17"]
[Round "7"]
[White "Wagner, Guy"]
[Black "Bridges, Paul"]
[Result "1/2-1/2"]
[WhiteElo "1809"]
[BlackElo "1776"]
[PlyCount "52"]
[EventDate "2017.04.14"]
[EventType "swiss"]
[EventRounds "7"]
[EventCountry "WLS"]
[SourceTitle "EXT 2019"]
[Source "ChessBase"]
[SourceDate "2018.10.10"]
[SourceVersion "1"]
[SourceVersionDate "2018.10.10"]
[SourceQuality "1"]

1. d4 d5 2. Nf3 e6 3. b3 c6 4. c4 Bd6 5. g3 f5 6. Bg2 Nf6 7. 0-0 Nbd7 8. Ba3 Qe7 9. Bxd6 Qxd6 10. cxd5 exd5 11. Nbd2 0-0 12. e3 Ne4 13. Ne1 Qe7 14. Ndf3 Ndf6 15. Nd3 Be6 16. Nfe5 Nd7 17. f3 Nxe5 18. Nxe5 Nd6 19. Qd2 Nf7 20. f4 Nxe5 21. fxe5 g6 22. b4 Rac8 23. a4 b6 24. Rfc1 Rc7 25. Bf1 Bc8 26. Rc2 Bb7 1/2-1/2

[Event "WLS-ch Seniors 2nd"]
[Site "Cardiff "]
[Date "2016.09.25"]
[Round "9"]
[White "Van Kemenade, Rudy"]
[Black "Wagner, Guy"]
[Result "1-0"]
[WhiteElo "2004"]
[BlackElo "1829"]
[PlyCount "101"]
[EventDate "2016.09.17"]
[EventType "tourn"]
[EventRounds "9"]
[EventCountry "WLS"]
[SourceTitle "CBM 174 Extra"]
[Source "ChessBase"]
[SourceDate "2016.10.10"]
[SourceVersion "1"]
[SourceVersionDate "2016.10.10"]
[SourceQuality "1"]

1. e4 e6 2. d3 c5 3. Nf3 Nc6 4. g3 Nge7 5. Bg2 g6 6. 0-0 Bg7 7. Re1 e5 8. Be3 d6 9. c3 0-0 10. d4 b6 11. h3 Bb7 12. Na3 Kh8 13. Qd2 f5 14. d5 f4 15. gxf4 exf4 16. Bxf4 Ne5 17. Bxe5 dxe5 18. Nc4 Rxf3 19. Bxf3 Ng8 20. Bg2 Bh6 21. Nxe5 Qf6 22. Ng4 Bxd2 23. Nxf6 Nxf6 24. Re2 Bf4 25. e5 Nxd5 26. c4 Nc3 27. bxc3 Bxg2 28. Kxg2 Re8 29. Re4 Bd2 30. f4 Bxc3 31. Rd1 Bd4 32. Kf3 Kg7 33. Re2 Kf7 34. a4 Ke6 35. Ra2 Rf8 36. Ke4 g5 37. Rf1 gxf4 38. Rxf4 Rxf4+ 39. Kxf4 Bxe5+ 40. Ke4 Bc3 41. Rc2 Bb4 42. Rg2 Kf6 43. Rg8 h6 44. Ra8 a5 45. Rb8 Kg5 46. Kf3 Kh4 47. Rxb6 h5 48. Kg2 Kg5 49. Kg3 h4+ 50. Kf3 Kf5 51. Rd6 1-0

[Event "WLS-ch Seniors 2nd"]
[Site "Cardiff "]
[Date "2016.09.18"]
[Round "2"]
[White "James, Dai"]
[Black "Wagner, Guy"]
[Result "1/2-1/2"]
[WhiteElo "1893"]
[BlackElo "1829"]
[PlyCount "59"]
[EventDate "2016.09.17"]
[EventType "tourn"]
[EventRounds "9"]
[EventCountry "WLS"]
[SourceTitle "CBM 174 Extra"]
[Source "ChessBase"]
[SourceDate "2016.10.10"]
[SourceVersion "1"]
[SourceVersionDate "2016.10.10"]
[SourceQuality "1"]

1. f4 d5 2. Nf3 Bg4 3. e3 Nd7 4. Be2 Bxf3 5. Bxf3 e5 6. fxe5 Nxe5 7. 0-0 Nf6 8. d3 Bc5 9. Be2 Bb6 10. d4 Ng6 11. c4 dxc4 12. Bxc4 0-0 13. Nc3 c6 14. Kh1 Qd6 15. Qf3 a5 16. Ne4 Nxe4 17. Qxe4 Bc7 18. g3 b5 19. Be2 Rae8 20. Qg2 b4 21. Bc4 c5 22. dxc5 Qxc5 23. Bd5 Ne5 24. e4 Bb6 25. Qe2 Nc6 26. Bf4 Qxd5 27. exd5 Rxe2 28. dxc6 Rc2 29. Rac1 Rxc1 30. Rxc1 1/2-1/2

[Event "Tom Weston Major op"]
[Site "Cardiff"]
[Date "2016.03.28"]
[Round "5"]
[White "Jukes, Sam"]
[Black "Wagner, Guy"]
[Result "1-0"]
[WhiteElo "1659"]
[BlackElo "1780"]
[PlyCount "21"]
[EventDate "2016.03.25"]
[EventType "swiss"]
[EventRounds "7"]
[EventCountry "WLS"]
[SourceTitle "EXT 2018"]
[Source "ChessBase"]
[SourceDate "2017.10.13"]
[SourceVersion "1"]
[SourceVersionDate "2017.10.13"]
[SourceQuality "1"]

1. d4 e6 2. c4 b6 3. Nc3 Bb7 4. a3 f5 5. d5 Nf6 6. g3 Na6 7. Bg2 Bd6 8. Nh3 0-0 9. 0-0 Be5 10. Be3 Qe7 11. d6 1-0

[Event "Tom Weston Major op"]
[Site "Cardiff"]
[Date "2016.03.28"]
[Round "7"]
[White "Wagner, Guy"]
[Black "Pearson, Raymond"]
[Result "1-0"]
[WhiteElo "1780"]
[BlackElo "1952"]
[PlyCount "75"]
[EventDate "2016.03.25"]
[EventType "swiss"]
[EventRounds "7"]
[EventCountry "WLS"]
[SourceTitle "EXT 2018"]
[Source "ChessBase"]
[SourceDate "2017.10.13"]
[SourceVersion "1"]
[SourceVersionDate "2017.10.13"]
[SourceQuality "1"]

1. f4 Nf6 2. Nf3 g6 3. Nc3 d5 4. e3 Bg7 5. Be2 0-0 6. 0-0 c5 7. d3 Nc6 8. Ne5 Be6 9. Bf3 Nxe5 10. fxe5 Ne8 11. d4 Rc8 12. Ne2 g5 13. Ng3 f6 14. Bg4 Bxg4 15. Qxg4 cxd4 16. exd4 Rxc2 17. Bxg5 fxg5 18. Rxf8+ Bxf8 19. Qe6+ Kh8 20. Qf5 Rxg2+ 21. Kxg2 Ng7 22. Qxg5 Ne6 23. Qg4 Qb6 24. Rf1 Bh6 25. Nf5 Bf8 26. Rf2 Qc6 27. Nd6 exd6 28. Qxe6 Bg7 29. Qxd6 Qe8 30. h3 Qg8 31. Kh2 b6 32. Rg2 Qf7 33. Qd8+ Bf8 34. Qf6+ Qxf6 35. exf6 Bd6+ 36. Kg1 h5 37. f7 Kh7 38. Rg8 1-0

[Event "South Wales Summer op"]
[Site "Newport"]
[Date "2015.08.31"]
[Round "5"]
[White "Donovan, Edward"]
[Black "Wagner, Guy"]
[Result "1-0"]
[WhiteElo "1630"]
[BlackElo "1812"]
[PlyCount "93"]
[EventDate "2015.08.28"]
[EventType "swiss"]
[EventRounds "6"]
[EventCountry "WLS"]
[SourceTitle "EXT 2018"]
[Source "ChessBase"]
[SourceDate "2017.10.13"]
[SourceVersion "1"]
[SourceVersionDate "2017.10.13"]
[SourceQuality "1"]

1. e4 e6 2. d4 d5 3. Nc3 Nf6 4. Bg5 Bb4 5. exd5 Qxd5 6. Bxf6 gxf6 7. Qd2 Qg5 8. Nf3 Qxd2+ 9. Kxd2 Bd7 10. a3 Be7 11. Nb5 Na6 12. Nc3 Rg8 13. Bxa6 bxa6 14. Rhg1 Bc6 15. Rad1 0-0-0 16. Kc1 Rg4 17. h3 Rg7 18. Rd3 Rdg8 19. g3 f5 20. d5 Bb7 21. Ne5 Bc5 22. Rf1 f6 23. Nc4 e5 24. b4 Bd4 25. Ne3 Bxe3+ 26. Rxe3 h5 27. Rd1 Rd7 28. Red3 Rgd8 29. Kb2 Rd6 30. Kb3 Kd7 31. Na4 Ke7 32. c4 Ba8 33. Kc3 Kf7 34. Nc5 Kg6 35. Ne6 Rh8 36. Nxc7 Bb7 37. c5 Rdd8 38. c6 Bc8 39. d6 h4 40. d7 hxg3 41. Rxg3+ Kf7 42. dxc8Q Rxc8 43. Rd7+ Kf8 44. Rgg7 Rxc7 45. Rxc7 Rxh3+ 46. Kc4 e4 47. Rh7 1-0

[Event "South Wales op 12th"]
[Site "Cardiff"]
[Date "2015.07.16"]
[Round "9"]
[White "Bridges, Paul"]
[Black "Wagner, Guy"]
[Result "1/2-1/2"]
[WhiteElo "1853"]
[BlackElo "1802"]
[PlyCount "43"]
[EventDate "2015.07.11"]
[EventType "swiss"]
[EventRounds "10"]
[EventCountry "WLS"]
[SourceTitle "EXT 2016"]
[Source "ChessBase"]
[SourceDate "2015.10.08"]
[SourceVersion "1"]
[SourceVersionDate "2015.10.08"]
[SourceQuality "1"]

1. e4 e6 2. d4 d5 3. e5 c5 4. c3 Nc6 5. Nf3 Bd7 6. Bd3 Qb6 7. Bc2 cxd4 8. cxd4 Nb4 9. 0-0 Nxc2 10. Qxc2 Ne7 11. Nc3 Ng6 12. Re1 Be7 13. Be3 Rc8 14. Qd2 0-0 15. Rac1 Rc7 16. Rc2 Rfc8 17. Rec1 Qa6 18. a3 b5 19. Nxd5 Rxc2 20. Nxe7+ Nxe7 21. Rxc2 Rxc2 22. Qxc2 1/2-1/2